|
|
|
|
| LEADER |
01052nam a2200277 i 4500 |
| 001 |
c000241488 |
| 003 |
CARM |
| 005 |
00000000000000.0 |
| 008 |
840306r19791895miua 000 0 ita d |
| 019 |
1 |
|
|a 10216129
|5 LACONCORD2021
|
| 035 |
|
|
|a (OCoLC)221638184
|5 LACONCORD2021
|
| 041 |
0 |
|
|a ita
|
| 043 |
|
|
|a e-it---
|
| 082 |
0 |
4 |
|a 452.461
|
| 100 |
1 |
|
|a Croce, Benedetto,
|d 1866-1952.
|
| 245 |
1 |
3 |
|a La lingua spagnuola in Italia /
|c Benedetto Croce ; appunti con un'appendice di Arturo Farinelli.
|
| 260 |
|
|
|a Ann Arbor, Mich. :
|b University Microfilms,
|c 1979.
|
| 300 |
|
|
|a 87p.
|
| 500 |
|
|
|a Facsim. of: Roma, E. Loescher, 1895.
|
| 504 |
|
|
|a Bibliographical footnotes.
|
| 650 |
|
0 |
|a Italian language
|x Foreign elements
|x Spanish.
|
| 650 |
|
0 |
|a Spanish language
|z Italy.
|
| 700 |
1 |
|
|a Farinelli, Arturo,
|d 1867-1948.
|
| 852 |
8 |
|
|b CARM
|h A1:AP08C0
|i B07316
|p 0372704
|f BK
|
| 999 |
f |
f |
|i 3350ba66-c60c-5b58-9bab-49df503bcc2b
|s 80a86527-52b3-5fc2-abe9-ec41500e12d9
|
| 952 |
f |
f |
|p Can circulate
|a CAVAL
|b CAVAL
|c CAVAL
|d CARM 1 Store
|e B07316
|f A1:AP08C0
|h Other scheme
|i book
|m 0372704
|